Les monarchies européennes du XVI siècle: les relations internationales

Guardat en:
Dades bibliogràfiques
Autor principal: Lapeyre, Henri (Autor)
Format: Llibre
Idioma:francès
Publicat: París, Francia Universitaires de France 1967
Col·lecció:Nouvelle Clio. L'Histoire et ses Problèmes
Matèries:
Etiquetes: Afegir etiqueta
Sense etiquetes, Sigues el primer a etiquetar aquest registre!

MARC

LEADER 00000nam a2200000 a 4500
001 UCP5338
003 CL-VaPUC
005 20211015074437.0
008 990903e19670000FR |||||||||||||||||fre|d
999 |c 283105  |d 283103 
040 |c Pontificia Universidad Católica de Valparaíso 
082 0 4 |a 940.2 LAP 1967  |2 21 
100 |a Lapeyre, Henri  |e author  |9 586317 
245 1 4 |a Les monarchies européennes du XVI siècle:  |b  les relations internationales 
260 |a París, Francia  |b Universitaires de France  |c 1967 
300 |a 384 páginas 
490 0 |a Nouvelle Clio. L'Histoire et ses Problèmes 
583 |a last modification  |c 20160817 04:27:31  |k Rodrigo Vera 
650 0 |a Monarquía   |z EUROPA  |9 255259 
650 7 |a SISTEMAS POLITICOS  |2 CL-VaPUC  |9 433678  |z EUROPA 
650 0 |a Relaciones Internacionales  |z EUROPA  |9 255740 
650 0 |a Política internacional  |z EUROPA  |9 255813 
650 0 |a Historia de Europa Siglo 16  |y SIGLO 16  |9 346729 
852 |a BIBCUR 
942 |c BK  |2 ddc 
945 |d 19990903 00:00:00  |a lriquelm 
952 |0 0  |1 0  |2 ddc  |4 0  |6 940_200000000000000_LAP_1967  |7 0  |8 A  |9 325894  |a BIBHIS  |b BIBHIS  |d 2019-11-20  |i 1368710  |o 940.2 LAP 1967  |p 1368710  |r 2025-01-20  |t 1  |w 2019-11-20  |y BK  |k HIS